UBT Library

Handbook of world philosophy : (Record no. 42322)

000 -LEADER
fixed length control field 00613pam a2200217 i 4500
001 - CONTROL NUMBER
control field 1825449
005 - DATE AND TIME OF LATEST TRANSACTION
control field 20180213031853.0
008 - FIXED-LENGTH DATA ELEMENTS--GENERAL INFORMATION
fixed length control field 800207s1980 ctu b 001 0 eng
010 ## - LIBRARY OF CONGRESS CONTROL NUMBER
LC control number 80000539
020 ## - INTERNATIONAL STANDARD BOOK NUMBER
International Standard Book Number 0313223815 (lib. bdg.)
040 ## - CATALOGING SOURCE
Original cataloging agency DLC
Transcribing agency DLC
Modifying agency DLC
041 ## - LANGUAGE CODE
Language code of text/sound track or separate title eng
080 ## - UNIVERSAL DECIMAL CLASSIFICATION NUMBER
Universal Decimal Classification number 190.904
082 00 - DEWEY DECIMAL CLASSIFICATION NUMBER
Classification number 190.904 BUR
100 ## - Rafti
Rafti 24
101 ## - Shkurtesa
Shkurtesa FIL
245 00 - TITLE STATEMENT
Title Handbook of world philosophy :
Statement of responsibility, etc edited by John R. Burr.
504 ## - BIBLIOGRAPHY, ETC. NOTE
Bibliography, etc Includes bibliographies and indexes.
906 ## - LOCAL DATA ELEMENT F, LDF (RLIN)
a 7
b cbc
c orignew
d 1
e ocip
f 19
g y-gencatlg
942 ## - ADDED ENTRY ELEMENTS (KOHA)
Source of classification or shelving scheme
Item type Books
Holdings
Withdrawn status Lost status Source of classification or shelving scheme Damaged status Not for loan Collection code Permanent location Current location Shelving location Date acquired Total Checkouts Full call number Barcode Date last seen Price effective from Koha item type
          Koleksioni i përgjithshem UBT - Lipjan UBT - Lipjan Koleksioni i lëndeve mesimore 02/13/2018   190.904 BUR 002-2998175 02/13/2018 02/13/2018 Books
UBT Library © 2015-2024. All rights reserved University Education for Business and Technology